000
00257nam a22001217a 4500
020
_a
81-204-1049-1
041
_a
ENG
100
_a
R.CHhabra
245
_a
Soil Salinity And Water Quality
260
_a
Delhi
_b
Oxford
_c
1996
650
_a
IDE
856
_u
IDE
999
_c
391
_d
391